| 000 | 00733nam a22002057a 4500 | ||
|---|---|---|---|
| 999 |
_c9523 _d9523 |
||
| 003 | AR-CdUCM | ||
| 008 | 190328b ||||| |||| 00| 0 spa d | ||
| 040 |
_aMUNICIPALIDAD PROVINCIAL DEL CUSCO _cBIBLIOTECA MUNICIPAL DEL CUSCO |
||
| 082 |
_a190 / _bR81 / 1941 |
||
| 100 |
_aRomero, Francisco _910711 |
||
| 245 |
_aFilosofía contemporánea : _bestudio y notas / |
||
| 260 |
_aBuenos Aires : _bLosada, _c1941. |
||
| 300 |
_a208 páginas ; _c21 cm. |
||
| 505 | _aContenido: Un filósofo de la problematicidad -- Temporalismo -- Dos concepciones de la realidad -- Descartes y Husserl. | ||
| 650 |
_aFilosofía _9395 |
||
| 650 |
_aPsicología _91538 |
||
| 650 |
_aFilosofía de la cultura _925787 |
||
| 942 |
_2ddc _cLIBROS |
||
| 945 | _aacv | ||